Formální logika v umělé inteligenci

Gespeichert in:
Bibliographische Detailangaben
1. Verfasser: Lukasová, Alena (Verfasst von)
Format: Buch
Sprache:Tschechisch
Veröffentlicht: Brno : Computer Press, 2003
Schlagworte:
Tags: Tag hinzufügen
Keine Tags, Fügen Sie das erste Tag hinzu!

MARC

LEADER 00000nam a22000003a 4500
001 stu117513
005 20150617225911.6
008 060505s2003----xr------------------cze-d
020 |a 80-251-0023-5 
040 |a STU  |b slo 
041 0 |a cze 
044 |a xr 
080 |a 510.6 
080 |a 004.8 
100 1 |a Lukasová, Alena  |4 aut 
245 1 |a Formální logika v umělé inteligenci 
260 |a Brno :  |b Computer Press,  |c 2003 
300 |a 269 s 
650 7 |a logika  |2 stusub 
650 7 |a umelá inteligencia  |2 stusub 
996 |b 284EK86975  |c E*86975  |l EE12  |s P  |a 0  |w stu117513_0001